Perfect Squares - Sudden Death - Statistics

General Stats
  • This quiz has been taken 309 times
  • The average score is 15 of 33
Answers on the Grid
Answers color-coded by a green-red scale on the quiz's grid according to % correct below.
1
4
9
16
25
36
49
64
81
100
121
144
169
196
225
256
289
324
361
400
484
576
625
676
729
841
900
1024
1225
40000
4096
2500
10000
150
200
500
12
48
1000
56
63
91
2
3
7
5
10
45
54
1050
1337
1111
232
861
515
9000
487
333
901
17
 
Answer Stats
Answer % Correct
64
72%
4
71%
25
64%
49
64%
9
64%
16
62%
81
62%
144
61%
36
61%
100
60%
1
58%
121
55%
400
51%
10000
50%
169
49%
256
47%
196
46%
40000
44%
900
44%
225
42%
1024
39%
4096
39%
625
39%
2500
35%
289
31%
324
28%
484
27%
1225
26%
576
26%
676
26%
729
26%
361
23%
841
16%
No matching quizzes found
Score Distribution
Percent of People with Each Score
Percentile by Number Answered
Your Score History
You have not taken this quiz